This man. Zpověď /
Třetí díl eroticko-romantické trilogie This man zastihuje hlavní hrdinku v rozpolcených úvahách před svatbou.
Uloženo v:
| Série: | Tento muž,
část 3 |
|---|---|
| Hlavní autor: | |
| Další autoři: | |
| Médium: | E-kniha |
| Jazyk: | Czech |
| Vydáno: |
Praha :
XYZ,
2025
|
| Vydání: | 3. vydání |
| Témata: | |
| Příbuzné jednotky: | Z cyklu::
Tento muž |
| Tagy: |
Žádné tagy |
| LEADER | 02438nam a2200469 i 4500 | ||
|---|---|---|---|
| 001 | 312622 | ||
| 003 | CZ PrSKC | ||
| 005 | 20260601215726.0 | ||
| 007 | ta | ||
| 008 | 250131s2025 xr e 000 f cze | ||
| 015 | |a cnb003669464 | ||
| 020 | |a 9788076837133 |q (vázáno) : |c Kč 549,00 | ||
| 035 | |a (OCoLC)1514347528 | ||
| 040 | |a ABG001 |b cze |e rda | ||
| 041 | 1 | |a cze |h eng | |
| 072 | 7 | |a 821.111-3 |x Anglická próza, anglicky psaná |2 Konspekt | |
| 080 | |a 821.111-31 |2 MRF | ||
| 080 | |a (0:82-993) |2 MRF | ||
| 100 | 1 | |a Malpas, Jodi Ellen, |d 1980- |7 ola2014847328 |4 aut | |
| 240 | 1 | 0 | |a This man confessed. |l Česky |
| 245 | 1 | 0 | |a This man. |p Zpověď / |c Jodi Ellen Malpasová ; z anglického originálu This man confessed ... přeložila Zdenka Lišková |
| 246 | 3 | 0 | |a Zpověď |
| 250 | |a 3. vydání | ||
| 264 | 1 | |a Praha : |b XYZ, |c 2025 | |
| 300 | |a 593 stran ; |c 22 cm | ||
| 336 | |a text |b txt |2 rdacontent | ||
| 337 | |a bez média |b n |2 rdamedia | ||
| 338 | |a svazek |b nc |2 rdacarrier | ||
| 520 | 2 | |a Třetí díl eroticko-romantické trilogie This man zastihuje hlavní hrdinku v rozpolcených úvahách před svatbou. |b Panské sídlo se pomalu zaplňuje lidmi. Ava si ukradla chvíli pro sebe a ve svatebních šatech sedí na pohovce v jednom apartmá tohoto luxusního sídla, tohoto sexuálního ráje, přemýšlí nad mužem svého života. Pochopila, že nikdy nezkrotí jeho divokost, a vlastně ani nechce. Miluje ho až do morku kostí a on stejně hluboce miluje ji. Možná ale Jesse Ward není takový, jak si myslí... Možná nastal čas na jeho zpověď... Nakladatelská anotace. | |
| 546 | |a Český text | ||
| 655 | 7 | |a anglické romány |7 fd131814 |2 czenas | |
| 655 | 7 | |a erotické romány |7 fd132211 |2 czenas | |
| 655 | 9 | |a English fiction |2 eczenas | |
| 655 | 9 | |a erotic novels |2 eczenas | |
| 700 | 1 | |a Lišková, Zdenka |7 pna2012730651 |4 trl | |
| 787 | 0 | 8 | |i Z cyklu: |t Tento muž |g 3 |
| 900 | |a ABA001 |b 20 | ||
| 928 | 9 | |a Albatros Media - XYZ | |
| 044 | |a xr | ||
| 910 | |a RBIT002 | ||
| 998 | |d 417182 |a https://core.palmknihy.cz/api/books/417182/cover?sr4rce |b https://core.palmknihy.cz/api/books/417182/cover/400?sr4rce |c https://core.palmknihy.cz/api/books/417182/cover/50?sr4rce |e 2030-01-08 |g 600 |i 9788076837133 |j https://core.palmknihy.cz/api/books/417182/preview.epub |k https://core.palmknihy.cz/api/books/417182/preview.pdf |l |q 49 |r 1 |s https://www.palmknihy.cz/kniha/417182 |t ebook |y 2025 |z 0 |v Tento muž |w 3 | ||
| 999 | |d 312620 | ||